000 01669nam a2200265 a 4500
001 22933
003 CO-ViMGA
008 141112s2004 ck r 000 u spa d
040 _aCO-ViMGA
_bspa
_cCO-ViMGA
082 0 4 _a729.3 B415
100 1 _aGrabios, Carina
_932933
245 1 0 _aBiblioteca de la carpinteria metalica :
_bAluminio y pvc
260 _aEspaña :
_bDaly
300 _a6 Vol
505 _aVOLUMEN 1 : Caracteristicas del aluminio, Caracteristicas del p.v.c, Acristalamiento, Escaleras, Barrandillas \ VOLUMEN 2 : Puertas de entrada, Puertas con ruptura termica, Puertos de garaje, Puertas cancela, Puertas corta fuegos, Puertas Blindadas \ VOLUMEN 3 : Clasificacion de ventas , Aislamiento Acustico, Ventanas de techo, Bow windows, Cupulas de cristal. \ VOLUMEN 4 : Construccion de cupulas, Grandes fachadas, Laminadas, Fachadas Ligeras, Fachadas onduladas, Acesorios \ VOLUMEN 5 : Verandas, Cortinas para verandas, Techos Transparentes, Divisiones moviles, Pavimentos elevados, Escaparates, Techos suspendidos, Revestimientos \ VOLUMEN 6 : Sistemas estructurales de aluminio, Invernaderos, Puertas molinetes, Desagues de techo, Cercas de p.v.c, Ventallinas de seguridad, Iluminacion, Aislamentos bajo puertas, Automatismo, Mobiliario
650 1 4 _aALUMINIOS - USOS INDUSTRIALES
_932934
650 1 4 _aCONSTRUCIONES DE ALUMINIOS
_932935
650 1 4 _aDECORACION Y ORNAMENTACION ARQUITECTONICA
_932936
650 1 4 _aESCALERAS MECANICAS
_932937
650 1 4 _aESTRUCTURAS METALICAS
_955056
650 1 4 _aFACHADAS
_932938
650 1 4 _aPUERTAS - DISEÑOS Y CONSTRUCIONES
_932939
650 1 4 _aVENTANAS DE ALUMINIO
_932940
942 _2ddc
_cBK
999 _c31223
_d31223